000 00509nam a2200181Ia 4500
005 20250508163710.0
008 008 250505s9999 xx 000 0 eng d
037 _aTextual
040 _aFEDL
_beng
_cFEDL
041 _aeng
_2eng
084 _a491.43, ANA
_qFEDL
100 _aVimlesh Anand
_9775457
245 0 _aHindi spelling: Errors and remedies
260 _aNew Delhi, India
_bBhavana Prakashan
_c1990
300 _a190p
942 _cTEXL
_h491.43, ANA
999 _c1384772
_d1384772